000 00300nam a2200121Ia 4500
008 241002s9999 xx 000 0 und d
082 _a332.041 KAR
100 _aKarl, Marx
245 0 _aCapital A Crique of Political Economy
260 _aNew York:
_c1966
600 _aSocial Sciences
942 _cUC
999 _c18982
_d18982